000 00316nam a2200121Ia 4500
008 190216s9999||||xx |||||||||||||| ||und||
100 _aMohammad Madani Kk
245 0 _aMuslim Bharanam Spainilum Siciliyilum
260 _bKerala Bhasha Institute
_c1973
300 _a 278p
650 _aIslamic Culture
942 _cBK
999 _c22150
_d22150